00760nam a2200241Ia 4500003000400000005001700004008004100021020002200062040000700084041000800091082001600099100002800115245003300143260002900176300001600205365001300221440004700234650002000281906003400301942001200335999001900347952015200366OSt20230529094330.0210423s2015 xx 000 0 und d a978-93-84007-43-0 cAL aeng a530.11 MORS aMORRIS (Dennis)9115528 aSpecial theory of relativity aNew DelhibMed Tecc2015 axii,314bPB b295cINR aMedtec introductory physics series9115529 aPhysics9115530 arelativity ; Special ; theory 2ddccBK c168257d168257 001040708PHYaSACPGbSACPGd2017-01-24eSouthern Book Sellersg295.00l1o530.11 MORSpPG014759r2022-11-10 00:00:00s2022-11-05w2021-04-26yBK